01544cam a2200349 a 450000100100000000500170001000800410002704000250006808200200009324502500011326000440036330000280040760000430043565100570047865000500053570000360058570000360062170000280065770000350068570000360072070000300075670000250078670000420081170000260085370000320087970000340091170000330094570000300097870000480100895201230105699900150117900000255120200929150218.0920113s1991 pr a b 001 0bspa  aDO-SdBNPbspacBNPHU a923.27295bA33800aPedro Albizu Campos :breflexiones sobre su vida y su obra /censayos de Margot Arce de Vázquez ... [et al.], y una selección de reseñas periodísticas sobre su muerte y entierro ; editores Ruth Vassallo y José Antonio Torres Martinó. aRío Piedras, P.R. :bMarién,c1991. a223 p. :bil. ;c23 cm.14aALBIZU CAMPOS, PEDROd1891-1965.98023 4aPuerto RicoxPolítica Y Gobiernoy1898-1952.98024 4aNacionalistaszPuerto RicoxBiografía980251 aArce de Vázquez, Margot980261 aCarrera Benítez, Carlos980271 aBrás, Juan Mari980281 aRivera Sotomayor, José980291 aRodríquez Otero, Eladio980301 aBruno, Miñi Seijo980311 aPicó, Isabel980321 aAyoroa Santaliz, José Enrique980331 aMarinello, Juan980341 aFalcón, Luis Nieves980351 aMaldonado Denis, Manuel980361 aFerrer Canales, José980371 aVassallo, Rutheed.980381 aTorres Martinó, José Antonioeed.98039 001052708MOaGRbGRcHDd2009-07-03iLF1l0o923.27295 A338p2551-10r2020-06-25w2020-06-25y2ZPréstamo interno c2387d2387